00993cam a2200289 a 450000100090000000300040000900500170001300800410003001000170007102000180008802000150010602500340012103700630015504000190021804200150023704300120025205000220026408200180028610000300030424500940033424600200042826000490044830000210049749000280051850400660054685600910061215989223OSt20200612102151.0091119s2009 ii a b 001 0 eng  a 2009305113 a9780195692570 a0195692578 aI-E-2009-305113; 18-92; 60-92 bLibrary of Congress -- New Delhi Overseas OfficecRs595.00 aDLCcoclcdDLC alcodeapcc aa-ii---00aND1002b.V43 2009 a759.54bVER/I aVerma, Som Prakashd1942-10aInterpreting Mughal painting :bessays on art, society, and culture /cSom Prakash Verma.30aMughal painting aNew Delhi :bOxford University Press,c2009. a201 p. :c23 cm.0 aOxford collected essays aIncludes bibliographical references (p. [177]-193) and index.423Publisher descriptionuhttp://www.loc.gov/catdir/enhancements/fy1003/2009305113-d.html